Nghiên cứu ảnh hưởng của phương pháp xông khí ethylen đến quá trình chín quả sầu riêng Ri 6 : Luận văn Thạc sĩ. Chuyên ngành Công nghệ sau thu hoạch

Nghiên cứu ảnh hưởng của phương pháp xông khí ethylen đến quá trình chín quả sầu riêng Ri 6, góp phần nâng cao phẩm chất trái sầu riêng sau thu hoạch

Đã lưu trong:
書目詳細資料
主要作者: Dương, Thị Cẩm Nhung
格式: 圖書
語言:Undetermined
出版: Cần Thơ Trường Đại học Cần Thơ 2016
主題:
標簽: 添加標簽
沒有標簽, 成為第一個標記此記錄!
Thư viện lưu trữ: Trung tâm Học liệu Trường Đại học Cần Thơ
LEADER 01107nam a2200229Ia 4500
001 CTU_215773
008 210402s9999 xx 000 0 und d
082 |a 664.028 
082 |b Nh513 
088 |a 60540104 
100 |a Dương, Thị Cẩm Nhung 
245 0 |a Nghiên cứu ảnh hưởng của phương pháp xông khí ethylen đến quá trình chín quả sầu riêng Ri 6 : 
245 0 |b Luận văn Thạc sĩ. Chuyên ngành Công nghệ sau thu hoạch 
245 0 |c Dương Thị Cẩm Nhung ; Nguyễn Văn Phong (Cán bộ hướng dẫn) 
260 |a Cần Thơ 
260 |b Trường Đại học Cần Thơ 
260 |c 2016 
520 |a Nghiên cứu ảnh hưởng của phương pháp xông khí ethylen đến quá trình chín quả sầu riêng Ri 6, góp phần nâng cao phẩm chất trái sầu riêng sau thu hoạch 
650 |a Thực phẩm,Food 
650 |x Bảo quản,Preservation 
904 |i Nguyên 
980 |a Trung tâm Học liệu Trường Đại học Cần Thơ